000 00216nam a22000857a 4500
008 161108b xxu||||| |||| 00| 0 eng d
100 _91071
_aGupta.S.
245 _aInformation Technology-IX
260 _aNew Delhi
_bABC
_c2011
999 _c3726
_d3726